|
|
|
|
| LEADER |
00000nab a2200000 a 4500 |
| 001 |
vtls000231398 |
| 003 |
SK-MaSNL |
| 005 |
20260302213425.0 |
| 008 |
160201c1984 xo 0 cze |
| 015 |
|
|
|a SNBRA19rr/mm-uuuuu
|
| 035 |
|
|
|a CL0241512
|
| 040 |
|
|
|a SNKBUCL
|b slo
|c SNKBUCL
|e AACR2
|
| 041 |
0 |
|
|a cze
|
| 044 |
|
|
|a xo
|c SK
|
| 080 |
|
|
|a 621.78:669.15-194.3
|2 1981
|
| 080 |
|
|
|a 669.15-194.3
|2 1981
|
| 080 |
|
|
|a 620.17
|2 1981
|
| 100 |
1 |
|
|a Krejčík, J.
|4 aut
|9 291365
|
| 245 |
1 |
0 |
|a Optimalizace sortimentu chromových ledeburitických ocelí
|c J. Krejčík
|
| 300 |
|
|
|b Tb. 1. Grafy 4.
|
| 650 |
0 |
7 |
|a ocele ledeburitické Cr
|2 snkbucl
|9 939346
|
| 650 |
0 |
7 |
|a tepelné spracovanie
|2 snkbucl
|9 16617
|
| 655 |
|
7 |
|a články zo zborníkov
|2 snkbucl
|9 166140
|
| 773 |
0 |
|
|t Desiate celoštátne dni tepelného spracovania. 1. diel
|d Bratislava : Dom techniky ČSVTS, 1984
|g S. 52-57
|
| 850 |
|
|
|a Slovenská národná knižnica v Martine
|a MTA001
|
| 852 |
|
|
|a SNK
|b KIS3GCP
|
| 958 |
|
|
|a RK
|
| 958 |
|
|
|a CZ
|
| 992 |
|
|
|a RZB
|
| 999 |
|
|
|c 1493545
|d 1495475
|